Hymnes successifs de la France. - Statistiques

Statistiques générales
  • Ce quiz a été pris 70 fois
  • Le résultat moyen est 6 sur 11
Statistiques - réponses
Régime Hymne % Correct
Iere République La Marseillaise
97%
IIIe République La Marseillaise
97%
État Français La Marseillaise
97%
IVe République La Marseillaise
97%
Ve République La Marseillaise
97%
Ier Empire Le Chant du départ
32%
Royaume de France Vive Henri IV
26%
IInd Empire Partant pour la Syrie
18%
Monarchie de Juillet La Parisienne
15%
Restauration Le Retour des princes français à Paris
10%
IIe République Le Chant des Girondins
8%
Aucun quiz correspondant
Distribution des résultats
% des personnes avec chaque résultat
Percentile par nombre de réponses
Votre historique - résultats
Vous n’avez pas pris ce quiz